书目信息 |
| 题名: |
空调系统运行管理技术
|
|
| 作者: | 张林华 , 曲云霞 编著 | |
| 分册: | ||
| 出版信息: | 北京 中国建筑工业出版社 2016.12 |
|
| 页数: | 346页 | |
| 开本: | 26cm | |
| 丛书名: | ||
| 单 册: | ||
| 中图分类: | TU831.3 | |
| 科图分类: | ||
| 主题词: | 空气调节系统--kong qi tiao jie xi tong--运行 | |
| 电子资源: | ||
| ISBN: | 978-7-112-20240-9 | |
| 000 | 01083nam0 2200241 450 | |
| 001 | CAL 0120172205616 | |
| 005 | 20190305145653.93 | |
| 010 | @a978-7-112-20240-9@dCNY50.00 | |
| 100 | @a20170904d2016 em y0chiy50 ea | |
| 101 | 0 | @achi |
| 102 | @aCN@b110000 | |
| 105 | @aak a 000yy | |
| 200 | 1 | @a空调系统运行管理技术@Akong tiao xi tong yun xing guan li ji shu@f张林华, 曲云霞编著 |
| 210 | @a北京@c中国建筑工业出版社@d2016.12 | |
| 215 | @a346页@c图@d26cm | |
| 320 | @a有书目 (第346页) | |
| 330 | @a本书共分十一章, 第一章为空气调节的基本概念和常用设备 ; 第二、三、四章为空调系统分类及冷源形式 ; 第五章为空调冷源机组维护保养 ; 第六章介绍了空调系统用水的水质指标和标准 ; 第七章为空调水系统类型及设备 ; 第八、九章为空调水系统中污垢、腐蚀和微生物产生的机理以及它们的控制及清洗方法 ; 第十、十一章为空调风系统运行调节和风系统的清洗与保养。 | |
| 606 | 0 | @a空气调节系统@Akong qi tiao jie xi tong@x运行 |
| 690 | @aTU831.3@v5 | |
| 701 | 0 | @a张林华@Azhang lin hua@4编著 |
| 701 | 0 | @a曲云霞@Aqu yun xia@4编著 |
| 801 | 0 | @aCN@c20170904 |
| 905 | @a河南城建学院图书馆@dTU831.3@eZ132-2@f2 | |
| 空调系统运行管理技术/张林华, 曲云霞编著.-北京:中国建筑工业出版社,2016.12 |
| 346页:图;26cm |
| ISBN 978-7-112-20240-9:CNY50.00 |
| 本书共分十一章, 第一章为空气调节的基本概念和常用设备 ; 第二、三、四章为空调系统分类及冷源形式 ; 第五章为空调冷源机组维护保养 ; 第六章介绍了空调系统用水的水质指标和标准 ; 第七章为空调水系统类型及设备 ; 第八、九章为空调水系统中污垢、腐蚀和微生物产生的机理以及它们的控制及清洗方法 ; 第十、十一章为空调风系统运行调节和风系统的清洗与保养。 |
| ● |
| 相关链接 |
|
|
|
正题名:空调系统运行管理技术
索取号:TU831.3/Z132-2
 
预约/预借
| 序号 | 登录号 | 条形码 | 馆藏地/架位号 | 状态 | 备注 |
| 1 | 1305416 | 213054166 | 建筑库201/201建筑库 82排2列3层/ [索取号:TU831.3/Z132-2] | 在馆 | |
| 2 | 1315115 | 213151159 | 建筑库201/201建筑库 82排2列3层/ [索取号:TU831.3/Z132-2] | 在馆 | |
| 3 | 1315116 | 213151168 | 建筑库201/201建筑库 82排2列3层/ [索取号:TU831.3/Z132-2] | 在馆 |